00790nam a2200217 a 4500008004100000040001200041041000800053044000700061082002500068100003300093245008400126260004700210300004200257490004100299502008800340610003100428650003400459655004000493700003200533852000700565200313s2018 ii adb|g m|||a00| 0 eng d aKObeng0 aeng aii04223a378.242bIRM17341 aSharma, AnuradhaeResearcher10aAll Port Operations of Adani Hazira Port Pvt Ltd (AHPPL) :bInternship Report / aKochi :bIndian Maritime University,c2018 a47 p. :bill., charts, maps ;c29 cm.0 aMBA Internship 2017-19 ;v1705304004 aInternship (MBA)–Indian Maritime University. School of Maritime Management, 2019.20aAdani Hazira Port Pvt Ltd  0aPort au Port Peninsula (N.L.) 72lcshaDissertations, Academicy20181 aH. L., YogamalacDr.eGuide aKO